000 00397nam a2200145Ia 4500
008 230917s9999||||xx |||||||||||||| ||und||
040 _e86600
_aMAIN
041 _aEnglish
082 _a005.754 R472C
100 _aRinehart, Martin L
245 0 _aClient server dBase programming: Building mission-critical dBase
260 _aReading
_bAddison-Wesley
_c1994
300 _ax, 325 p.
942 _cBK
999 _c96085
_d96085